000 00498 a2200169 4500
003 NUST
005 20251021113546.0
040 _cNust
082 _a621.382,DUR
100 _aDurrani, Amman NC (TE-37)
_9131307
245 _aReal time implementation of software radio on DSP /
_cNC Amman Durrani , Capt Omer Abdul Rasheed , Capt Assad Ullah Amir Sadiq
260 _aRawalpindi
_bMCS
_c2004
300 _a141p
650 _aUG Projects
_998716
651 _aTE-37
_9131308
942 _cPR
_2ddc
999 _c183107
_d183107